Nghiên cứu lao động trẻ em như thế nào mười hai bước và các công cụ thực hiện
Sparad:
| Materialtyp: | Bok |
|---|---|
| Språk: | Vietnamese |
| Publicerad: |
Hà Nội
Lao động - xã hội
2004
|
| Ämnen: | |
| Taggar: |
Lägg till en tagg
Inga taggar, Lägg till första taggen!
|
| Thư viện lưu trữ: | Trung tâm Học liệu Lê Vũ Hùng, Trường Đại học Đồng Tháp |
|---|
| LEADER | 00804aam a22002298a 4500 | ||
|---|---|---|---|
| 001 | 00028318 | ||
| 008 | 120327s2004 ||||||viesd | ||
| 005 | 20171026081023.0 | ||
| 041 | 0 | # | |a vie |
| 082 | 1 | 4 | |a 305.230 86 |b NGH305C |
| 245 | 0 | 0 | |a Nghiên cứu lao động trẻ em như thế nào |b mười hai bước và các công cụ thực hiện |c Nhóm công tác khu vực về Lao động trẻ em |
| 260 | # | # | |a Hà Nội |b Lao động - xã hội |c 2004 |
| 300 | # | # | |a 274tr. |c 27cm. |
| 650 | # | 4 | |a Xã hội học |
| 653 | # | # | |a Lao động |
| 653 | # | # | |a Trẻ em |
| 852 | # | # | |b Kho đọc |j KD.0013264 |
| 852 | # | # | |j KD.0013264 |
| 910 | |d 27/03/2012 | ||
| 980 | # | # | |a Trung tâm Học liệu Lê Vũ Hùng, Trường Đại học Đồng Tháp |